000 00794nam a22003010a 4500
001 PT53540
003 AR-LpoUNG
005 20210131231557.0
008 191001s2013||||sp |||||||||||||||||spa d
020 _a9788449440366
_c$8,03
040 _aAR-LpoUNG
_bspa
_cAR-LpoUNG
_eaacr
041 _aspa
044 _asp
082 0 _a808.068 3 614cap
100 1 _aLeray, Marjolaine
245 1 0 _aUna caperucita roja
250 _a1ra. ed., 3ra.reimpr.
260 _aBarcelona :
_bOcéano,
_c2013.
300 _a36 p. :
_bil.
505 0 _aSugerido a partir de 6 años (etiqueta AMARILLA)
650 4 _aCUENTOS
650 4 _aLITERATURA
651 4 _aDOCUMENTOS TEORICOS O METODOLOGICOS
653 _aLITERATURA INFANTIL
700 1 _aKunas
_etr.
905 _a53540
942 _cLIB
999 _c10849
_d10849